<?xml version="1.0" encoding="UTF-8"?>
<record
    xmlns:xsi="http://www.w3.org/2001/XMLSchema-instance"
    xsi:schemaLocation="http://www.loc.gov/MARC21/slim http://www.loc.gov/standards/marcxml/schema/MARC21slim.xsd"
    xmlns="http://www.loc.gov/MARC21/slim">

  <leader>00524nam a22001697a 4500</leader>
  <controlfield tag="003">OSt</controlfield>
  <controlfield tag="005">20140311163158.0</controlfield>
  <controlfield tag="008">140227t        xxu||||| |||| 00| 0 eng d</controlfield>
  <datafield tag="020" ind1=" " ind2=" ">
    <subfield code="a">1551380412</subfield>
  </datafield>
  <datafield tag="050" ind1=" " ind2=" ">
    <subfield code="a">Q 181</subfield>
    <subfield code="b">.H45 1995</subfield>
  </datafield>
  <datafield tag="100" ind1=" " ind2=" ">
    <subfield code="a">Hemmerich, Hal</subfield>
    <subfield code="9">30735</subfield>
  </datafield>
  <datafield tag="245" ind1=" " ind2=" ">
    <subfield code="a">Primetime! Strategies for Life-Long Learning in Mathematics and science in the Middle and High School Grades /</subfield>
    <subfield code="c">Hal Hemmerich.</subfield>
  </datafield>
  <datafield tag="260" ind1=" " ind2=" ">
    <subfield code="a">USA :</subfield>
    <subfield code="b">Heinemann,</subfield>
    <subfield code="c">1995.</subfield>
  </datafield>
  <datafield tag="300" ind1=" " ind2=" ">
    <subfield code="a">126 p. :</subfield>
    <subfield code="b">ill. ;</subfield>
    <subfield code="c">24 cm.</subfield>
  </datafield>
  <datafield tag="942" ind1=" " ind2=" ">
    <subfield code="2">lcc</subfield>
    <subfield code="c">BK-TR</subfield>
  </datafield>
  <datafield tag="999" ind1=" " ind2=" ">
    <subfield code="c">42436</subfield>
    <subfield code="d">42436</subfield>
  </datafield>
  <datafield tag="952" ind1=" " ind2=" ">
    <subfield code="0">0</subfield>
    <subfield code="1">0</subfield>
    <subfield code="2">lcc</subfield>
    <subfield code="4">0</subfield>
    <subfield code="a">LUX</subfield>
    <subfield code="b">LUX</subfield>
    <subfield code="c">TR</subfield>
    <subfield code="d">2014-02-27</subfield>
    <subfield code="l">0</subfield>
    <subfield code="o">Q 181 .H45 1995</subfield>
    <subfield code="p">7523</subfield>
    <subfield code="r">2014-02-27 00:00:00</subfield>
    <subfield code="t">1</subfield>
    <subfield code="w">2014-02-27</subfield>
    <subfield code="y">BK</subfield>
  </datafield>
</record>
